Vista normal
Vista MARC
Entrada Nombre personal
Número de registros utilizados en: 3
001 - NÚMERO DE CONTROL
- campo de control: 33363
003 - IDENTIFICADOR DEL NÚMERO DE CONTROL
- campo de control: OSt
005 - FECHA Y HORA DE LA ÚLTIMA TRANSACCIÓN
- campo de control: 20230131103017.0
008 - DATOS DE LONGITUD FIJA
- campo de control de longitud fija: 200615|| aca||aabn | a|a d
040 ## - FUENTE DE LA CATALOGACIÓN
- Centro catalogador/agencia de origen: OSt
- Centro/agencia transcriptor: OSt
100 0# - ENCABEZAMIENTO-NOMBRE DE PERSONA
- Nombre de persona: Devanand Saraswati,
- Títulos y otros términos asociados al nombre: Swami Guru
- Fechas asociadas al nombre: 1917-1990
400 0# - TRAZADO DE VÉASE--NOMBRE DE PERSONA
- Nombre de persona: Saraswati, Devanand,
- Títulos y otros términos asociados al nombre: Swami Guru
670 ## - FUENTE DE DATOS ENCONTRADOS
- Cita de la fuente: Work cat.: (OSt)14293: Devanand Saraswati, Swami Gurú, 1917-1990, Nacimos para triunfar /, 2009.
